00650nam a2200241 a 4500001001300000003000900013005001700022008004100039020001000080082001300090100001900103245001900122260002500141300000900166500003500175505001000210650002300220700001900243902000800262942000700270952011400277999001700391nice12345678IN_TiNIC20260116013306.0050524s1953 dela grp 000 0 eng  ac10000a230bNYG aNygren, Anders aAgape and Eros aDelhi bISPCK c1953 a764p aincludes index and biblioraphy2 aIndex aChristian-Theology1 aNygren, Anders bSRS cBK 001040708StackRoom-aHMIbHMId2007-08-01g100.00l0o230 NYGp016524r2007-08-01v100.00w2005-05-24yBK c10434d10434